[Event "Floripa Chess Open 2024"]
[Site "Florianopolis"]
[Date "2024.01.25"]
[Round "7.128"]
[White "Moreira, Iloyziel Joao Da Si"]
[Black "Blaszkosky, Vinicius"]
[Result "1-0"]
[WhiteElo "1737"]
[BlackElo "1314"]
[PlyCount "91"]
[EventDate "2024.01.20"]
[EventRounds "10"]
[EventCountry "BRA"]

1. d4 d5 2. Bf4 Nf6 3. Nf3 c5 4. dxc5 Nc6 5. c3 ({RR} 5. Nbd2 Nh5 6. Bg3 Nxg3
7. hxg3 e6 8. e3 Bxc5 9. c4 d4 10. exd4 Nxd4 11. Bd3 Bd7 12. Ne5 Qc7 13. Nxd7
Qxd7 14. Qh5 Bb4 15. O-O-O O-O-O 16. Nb3 g6 17. Qe5 Nxb3+ 18. axb3 Qc7 19.
Qxc7+ Kxc7 {Nikolic,P (2659)-Piket,J (2633) Monte Carlo 2000 0-1 (72)}) 5... a5
6. e3 ({RR} 6. Na3 Bg4 7. Qb3 Qd7 8. Ne5 Nxe5 9. Bxe5 Ne4 10. e3 Nxc5 11. Qc2
Qc8 12. Nb5 f6 13. Nc7+ Kf7 14. Bg3 Rb8 15. Nxd5 e5 16. e4 h5 17. f3 Be6 18.
Rd1 h4 19. Bf2 h3 20. g3 b5 {Demidov,M (2562)-Timofeev,A (2576) Sochi RUS 2023
0-1 (60)}) 6... Bf5 $146 ({RR} 6... e6 7. Nbd2 Bxc5 8. Bd3 O-O 9. O-O Re8 10.
e4 e5 11. Bg5 Be7 12. Bxf6 Bxf6 13. exd5 Qxd5 14. Ne4 Rd8 15. Nxf6+ gxf6 16.
Bc2 Qc4 17. Qb1 Qg4 18. Re1 Qh5 19. Re3 Kh8 20. Qf1 Ne7 21. Rd1 {Pauwels,R  
(2013)-Riccio,E (2198) Imperia 2003 0-1 (37)}) ({RR} 6... Bg4 7. Qb3 Qc8 8. Ne5
Bd7 9. Na3 e6 10. Nb5 Nxe5 11. Bxe5 Bxb5 12. Bxb5+ Nd7 13. c4 Bxc5 14. cxd5 O-O
15. Bxd7 Qxd7 16. O-O exd5 17. Rfd1 Rfd8 18. Rd3 a4 19. Qc3 Rac8 20. Qd2 Qe6
21. Bc3 {Grybas,G (2060)-Voroblievas,A (1868) Panevezys 2009 1-0 (34)}) 7. Bb5
e6 8. Ne5 Rc8 9. Qa4 Bxc5 10. Nxc6 bxc6 11. Bxc6+ Nd7 12. O-O e5 13. Bxe5 O-O
14. Bxd7 Bxd7 15. Qf4 Qb6 16. b3 Rc6 17. Bd4 Bxd4 18. exd4 Re8 19. Qd2 Rh6 20.
Re1 Rxe1+ 21. Qxe1 Qc7 22. g3 Rg6 23. Na3 h5 24. c4 dxc4 25. Nxc4 Bh3 26. Qe4
Qd8 27. d5 Qf6 28. Re1 h4 29. Qe3 hxg3 30. hxg3 Rh6 31. Qe5 Qg6 32. d6 Bd7 33.
Qe4 Qh5 34. Qh4 Qf3 35. Ne5 Qc3 36. Qe4 Re6 37. Re3 Qc1+ 38. Kg2 Rh6 39. Re1
Bh3+ 40. Kg1 Qd2 41. d7 Bxd7 42. Nxd7 Qxd7 43. Qa8+ Kh7 44. Qxa5 Qb7 45. Qf5+
g6 46. Qe4 1-0

[Event "Floripa Chess Open 2024"]
[Site "Florianopolis"]
[Date "2024.01.25"]
[Round "7.129"]
[White "Oliveira, Andre Pereira Marti"]
[Black "Constantino, Pedro Henrique"]
[Result "0-1"]
[WhiteElo "1333"]
[BlackElo "1728"]
[PlyCount "95"]
[EventDate "2024.01.20"]
[EventRounds "10"]
[EventCountry "BRA"]

1. Nf3 Nf6 2. b3 g6 3. Bb2 Bg7 4. e3 O-O 5. d4 d5 6. c4 c5 7. dxc5 ({RR} 7. Be2
b6 8. O-O Bb7 9. Nc3 Nbd7 10. cxd5 Nxd5 11. Nxd5 Bxd5 12. Rc1 Rc8 13. Qd2 cxd4
14. Nxd4 Nc5 15. Bf3 Bxf3 16. gxf3 Qd7 17. Rfd1 Rfd8 18. Qe2 Qh3 19. b4 Na4 20.
Ba1 e5 21. Nb5 Rxc1 {Monpeurt,C (2187)-Miszler,L (2265) chess.com INT 2024 1-0
(38)}) 7... Qa5+ 8. Nbd2 Qxc5 9. a3 ({RR} 9. Rc1 Nc6 10. a3 a5 11. Be2 Rd8 12.
O-O dxc4 13. Nd4 Nxd4 14. Bxd4 Qxa3 15. Nxc4 Qb4 16. Nb6 Rb8 17. Rc4 Qd6 18.
Qa1 Be6 19. Ra4 Ng4 20. Bxg4 Bxd4 21. Rxd4 Qxb6 22. Bxe6 fxe6 23. Ra4 Rd5 {
Nakamura,H (2769)-Mamedyarov,S (2808) Paris FRA 2018 0-1 (57)}) 9... dxc4 $146
({RR} 9... Bg4 10. b4 Qd6 11. cxd5 Nxd5 12. Ne4 Qd8 13. Qb3 Bxb2 14. Qxb2 Nf6
15. Rd1 Qb6 16. Rd6 Nxe4 17. Rxb6 axb6 18. Ne5 Be6 19. Bc4 Bxc4 20. Nxc4 Nd7
21. Qd4 Nef6 22. O-O b5 23. Na5 Rfc8 24. Qb2 {Vidit,S (2737)-Erigaisi,A (2727)
Baku AZE 2023 1/2-1/2 (49)}) 10. Bxc4 Nc6 11. b4 Qh5 12. O-O e5 13. e4 Rd8 14.
Qb3 Rf8 15. Rfe1 Bd7 16. Nf1 Nd4 17. Bxd4 exd4 18. Ng3 Qh6 19. Rad1 Ng4 20. h3
Ne5 21. Nxd4 Nxc4 22. Qxc4 Ba4 23. Rc1 Rac8 24. Qxc8 Rxc8 25. Rxc8+ Bf8 26.
Rec1 Qd2 27. Nf3 Qb2 28. R1c3 Bc6 29. Re3 Kg7 30. Rd8 Be7 31. Rd1 h5 32. h4 a6
33. Ng5 Bxg5 34. hxg5 Qe5 35. Ne2 Qxg5 36. f4 Qg4 37. Re1 h4 38. Nd4 Bd7 39.
Rf1 Bc8 40. f5 Qg5 41. Ref3 Qf6 42. Nc2 g5 43. Kh1 Bd7 44. Ne3 Bc6 45. Ng4 Qd4
46. f6+ Kh7 47. Rf5 Qxe4 48. R1f2 0-1

[Event "Floripa Chess Open 2024"]
[Site "Florianopolis"]
[Date "2024.01.25"]
[Round "7.130"]
[White "Farias, Robson Da Costa"]
[Black "Da Silva, Leonardo Douglas Si"]
[Result "1/2-1/2"]
[WhiteElo "1721"]
[BlackElo "1800"]
[PlyCount "107"]
[EventDate "2024.01.20"]
[EventRounds "10"]
[EventCountry "BRA"]

1. e4 e6 2. d4 d5 3. exd5 exd5 4. Nf3 Nf6 5. Bd3 Be7 6. O-O O-O 7. Bf4 Bg4 8.
Nbd2 ({RR} 8. h3 Bh5 9. Nbd2 {1/2-1/2 (9) Prie,E (2500)-Kaminski,M (2525)
Paris 1996}) 8... Nbd7 ({RR} 8... Bh5 9. c3 Bg6 10. Bxg6 hxg6 11. Qb3 b6 12.
Ne5 c6 13. Rfe1 Nfd7 14. Ndf3 g5 15. Bg3 Nxe5 16. Nxe5 Bd6 17. c4 dxc4 18. Qxc4
Bxe5 19. dxe5 c5 20. Rad1 Qc8 21. e6 Nc6 22. Rd7 fxe6 23. Rxe6 {Ostovic,M  
(2391)-Jakab,A (2298) Budapest HUN 2023 1-0}) 9. c3 Nh5 $146 ({RR} 9... Re8 10.
Qc2 h6 11. Rfe1 c6 12. h3 Be6 13. Re2 c5 14. Rae1 Nh5 15. Bh2 cxd4 16. Nxd4 Nc5
17. Nxe6 Nxe6 18. Bb5 Rf8 19. Nf3 Bc5 20. Ne5 Nhf4 21. Rd2 Qg5 22. Bg3 Qxg3 23.
Bf1 Nxh3+ 24. Kh1 {Both,V (1800)-Vilalba,R (1847) Rio de Janeiro 2012 0-1}) ({
RR} 9... c6 10. Qb3 b5 11. a4 a6 12. h3 Bxf3 13. Nxf3 Nh5 14. Bh2 Nhf6 15. Ra2
Qc8 16. Rfa1 Qb7 17. Qc2 h6 18. Qe2 Nb6 19. axb5 axb5 20. Rxa8 Rxa8 21. Rxa8+
Nxa8 22. Qe5 Nb6 23. b3 Bf8 24. Qc7 {Szabo,K (1721)-Dankhazi,A (1831) Hungary
2008 1/2-1/2}) 10. Bg3 Nxg3 11. fxg3 Nf6 12. Qc2 Bh5 13. Ne5 Bg6 14. Nxg6 hxg6
15. Nf3 c5 16. Rae1 c4 17. Be2 b5 18. Ne5 Bd6 19. Bf3 a5 20. g4 Bc7 21. g5 Nh7
22. h4 Qd6 23. Bg4 Rae8 24. Rf3 Re7 25. Rfe3 Rfe8 26. Qf2 f6 27. Nf3 Re4 28.
R1e2 Qf4 29. Ne5 fxe5 30. Rxe4 Qxf2+ 31. Kxf2 dxe4 32. Rxe4 Rf8+ 33. Ke3 Rf4
34. dxe5 Rxe4+ 35. Kxe4 Nf8 36. e6 Bg3 37. e7 Kf7 38. exf8=Q+ Kxf8 39. Bd7 b4
40. Be6 Bxh4 41. cxb4 axb4 42. Kf4 c3 43. bxc3 bxc3 44. Bb3 Be1 45. Bc2 Bd2+
46. Kg4 Kf7 47. a4 Be3 48. a5 Ke6 49. Bxg6 Kd5 50. Bc2 Kc4 51. Kf3 Bc5 52. a6
Kb5 53. Bd3+ Kb4 54. Bc2 1/2-1/2

[Event "Floripa Chess Open 2024"]
[Site "Florianopolis"]
[Date "2024.01.25"]
[Round "7.131"]
[White "Santos, Caua Lopes"]
[Black "Szuba, Joao Gabriel Muniz"]
[Result "0-1"]
[WhiteElo "1290"]
[BlackElo "1709"]
[PlyCount "64"]
[EventDate "2024.01.20"]
[EventRounds "10"]
[EventCountry "BRA"]

1. e4 c5 2. Nf3 e6 3. d4 cxd4 4. Nxd4 Nf6 5. Nc3 Nc6 6. Ndb5 Bb4 7. Nd6+ Ke7 8.
Ndb5 Nxe4 9. Bd3 ({RR} 9. Qg4 Nf6 10. Qxg7 Rg8 11. Qh6 a6 12. Na3 Qa5 13. Bd2
d5 14. Bd3 Ne5 15. Be2 d4 16. Ncb1 Rxg2 17. Nc4 Nxc4 18. Bxc4 Rg6 19. Qh4 b5
20. Bd3 Rg4 21. Qh3 Bb7 22. f3 Rg5 23. a3 Bxd2+ {Demin,V (2430)-Serikbay,A  
(2247) chess.com INT 2020 0-1 (39)}) 9... Nxc3 $146 ({RR} 9... Bxc3+ 10. Nxc3
Nxc3 11. bxc3 Qa5 12. Bd2 b6 13. O-O Ba6 14. Bxa6 Qxa6 15. Bg5+ f6 16. Bf4 d5
17. Re1 Kf7 18. Qg4 Rhe8 19. Re2 Qc4 20. Re3 e5 21. Qd7+ Re7 22. Qf5 Qxf4 23.
Qxf4 exf4 24. Rxe7+ {Rojas Fernandez,P (1213)-Palacios Sanchez,V (1708)
Collado Villalba ESP 2021 0-1 (31)}) 10. Nxc3 d5 11. O-O h6 12. Bf4 Re8 13. a3
Bd6 14. Qf3 Kf8 15. Nb5 Bxf4 16. Qxf4 e5 17. Qg3 a6 18. Nc3 e4 19. Be2 d4 20.
Nd1 Bf5 21. Qf4 Bg6 22. Re1 d3 23. cxd3 exd3 24. Nc3 dxe2 25. Rxe2 Rxe2 26.
Nxe2 Qf6 27. Qc4 Re8 28. Ng3 Nd4 29. Qc5+ Kg8 30. Rd1 Nc6 31. Rc1 Rd8 32. Qe3
Qd4 0-1

[Event "Floripa Chess Open 2024"]
[Site "Florianopolis"]
[Date "2024.01.25"]
[Round "7.132"]
[White "Fonseca, Guilherme"]
[Black "Dos Santos, Guilherme Fortes"]
[Result "1-0"]
[WhiteElo "1820"]
[BlackElo "1707"]
[PlyCount "95"]
[EventDate "2024.01.20"]
[EventRounds "10"]
[EventCountry "BRA"]

1. c4 c6 2. Nf3 d5 3. e3 Nf6 4. Nc3 e6 5. g3 Nbd7 6. b3 Be7 7. Bg2 b6 8. O-O
Bb7 9. Bb2 O-O 10. d4 Rc8 ({RR} 10... c5 11. cxd5 Nxd5 12. Nxd5 ({RR} 12. Qe2
Rc8 13. Rfd1 Nxc3 14. Bxc3 Qc7 15. e4 Rfd8 16. d5 Nf8 17. Qb2 exd5 18. exd5 f6
19. Nh4 b5 20. Nf5 Bd6 21. Bxf6 Rd7 22. Nxd6 Qxd6 23. Be5 Qh6 24. Rac1 Ng6 25.
f4 Ne7 26. d6 Nf5) 12... Bxd5 13. Qe2 cxd4 14. Nxd4 Bxg2 15. Kxg2 Bf6 16. Rac1
Nc5 17. Rfd1 Qd5+ 18. Nf3 Qf5 19. Bxf6 Qxf6 20. b4 Ne4 21. Rd4 Ng5 22. Rc7 a5
23. b5 Rad8 24. Rf4 Qh6 25. h4 {Shimanov,A (2611)-Andreikin,D (2741) Samarkand
UZB 2023 1-0 (37)}) 11. Nd2 ({RR} 11. Qe2 dxc4 ({RR} 11... Qc7 12. Rac1 Qb8 13.
Rfd1 Rfd8 14. h4 Bf8 15. e4 Nxe4 16. Nxe4 dxe4 17. Ng5 Nf6 18. h5 h6 19. Nxe4
Nxe4 20. Qxe4 Rc7 21. Qg4 Rcd7 22. Re1 Qd6 23. c5 bxc5 24. dxc5 Qe7 25. Bc3)
12. bxc4 c5 13. Rac1 cxd4 14. exd4 Re8 15. Rfd1 a6 16. Bh3 Qc7 17. Nb1 Bf8 18.
Nbd2 Bc6 19. Bg2 Qb7 20. Nf1 b5 21. c5 e5 22. dxe5 Nxc5 23. Ne3 Nfd7 24. Nf5
Be4 25. N3h4) ({RR} 11. Qe2 Qc7 12. Rac1 Qb8 13. Rfd1 Rfd8 14. h4 Bf8 15. e4
Nxe4 16. Nxe4 dxe4 17. Ng5 Nf6 18. h5 h6 19. Nxe4 Nxe4 20. Qxe4 Rc7 21. Qg4
Rcd7 22. Re1 Qd6 23. c5 bxc5 24. dxc5 Qe7 25. Bc3 Re8 {Jorajuria Mendoza,A  
(2069)-Avila Pavas,S (2388) https://www.chess.com 2023 1-0 (33)}) 11... Qc7
$146 ({RR} 11... c5 12. Rc1 Ba8 13. cxd5 cxd4 14. dxe6 dxc3 15. exd7 Rc7 16.
Bxc3 Rxd7 17. Qe2 Bxg2 18. Kxg2 Nd5 19. Bd4 Bf6 20. Nf3 Re8 21. Qb5 h6 22. Rfd1
Ree7 23. Rd2 Nc7 24. Qf5 Bxd4 25. Nxd4 Qa8+ 26. Kg1 {Dang,B (2155)-Tran T Hong,
T Vietnam 2002 1-0 (49)}) 12. Rc1 Qb8 13. Re1 Rfd8 14. Qe2 e5 15. dxe5 Nxe5 16.
cxd5 cxd5 17. Nf3 Nxf3+ 18. Bxf3 Bc5 19. Na4 Bb4 20. Rxc8 Rxc8 21. Rd1 Ne4 22.
Bxe4 dxe4 23. a3 Be7 24. Rd7 Bf8 25. Qh5 g6 26. Qg5 Rc6 27. Rd8 Qc7 28. Be5 f6
29. Bxf6 Rc1+ 30. Kg2 Ba6 31. Kh3 Bf1+ 32. Kh4 Rc2 33. Be7 Rxf2 34. Qd5+ Kg7
35. Bxf8+ Rxf8 36. Rd7+ Qxd7 37. Qxd7+ Kh6 38. Qd6 Rf2 39. h3 Rf3 40. Nc3 Rf5
41. g4 Rf3 42. g5+ Kg7 43. Qe7+ Kh8 44. Nxe4 Rxh3+ 45. Kg4 h5+ 46. gxh6 Rxh6
47. Qf8+ Kh7 48. Nf6# 1-0

[Event "Floripa Chess Open 2024"]
[Site "Florianopolis"]
[Date "2024.01.25"]
[Round "7.134"]
[White "De Oliveira, Lucas Silva"]
[Black "De Haro, Martim Afonso Palma"]
[Result "0-1"]
[WhiteElo "1800"]
[BlackElo "1704"]
[PlyCount "90"]
[EventDate "2024.01.20"]
[EventRounds "10"]
[EventCountry "BRA"]

1. e4 {Bangiev,A} c5 2. Nf3 g6 3. d4 cxd4 4. Qxd4 Nf6 5. Nc3 Nc6 6. Qa4 d6 7.
e5 Ng4 8. exd6 ({RR} 8. Bf4 Bg7 ({RR} 8... Qb6 9. O-O-O Nxf2 10. Nd5 Qd8 11.
exd6) 9. exd6 Qb6 10. O-O-O) 8... exd6 ({RR} 8... Qxd6 9. Nb5 Qb8 ({RR} 9...
Qb4+ 10. Qxb4 Nxb4 11. Nfd4 ({RR} 11. Nc7+ Kd8 12. Nxa8 Nxc2+ 13. Ke2 Nxa1) ({
RR} 11. Bd3 Nxd3+ 12. cxd3 Kd8 13. Ng5 Nh6 14. Bf4 Bg7 15. Ke2 ({RR} 15. d4 Bd7
16. Nc3 Bxd4 17. Nf3 Bg7 18. Rd1 Ke8) 15... Bd7 16. Nc3 e5) 11... Na6 12. h3
Nf6 13. Bf4 Bg7 14. O-O-O O-O) 10. Nbd4 Bg7 ({RR} 10... Bd7 11. Nxc6 ({RR} 11.
Bb5 Qc7 12. O-O) 11... bxc6 12. Be2 Bg7 13. O-O) 11. Bb5 ({RR} 11. Nxc6 bxc6
12. Qxc6+ Bd7) 11... Nge5 12. Bf4 ({RR} 12. Nxc6 Nxc6 13. Bxc6+ bxc6 14. Qxc6+
Bd7) 12... O-O ({RR} 12... Nxf3+ 13. Nxf3 e5 14. Bxc6+ bxc6 15. Qxc6+ Bd7 16.
Qc3 O-O ({RR} 16... f6 17. Be3 O-O 18. Bc5 Rc8) 17. Nxe5 Re8 18. O-O-O Bf5 19.
g4 Rc8 20. Rd8+ Rxd8 21. gxf5 Rc8 22. Qa5) 13. Nxc6 bxc6 14. Bxc6 ({RR} 14.
Nxe5 cxb5) 14... Qxb2 15. Bxe5 Bxe5 16. O-O Rb8 17. Nxe5 Qxe5 18. Qxa7 Bf5 19.
a4 ({RR} 19. Rfe1 Qc3) 19... Rbc8 20. Bf3 Rxc2 21. a5 Rfc8 22. Qe3 ({RR} 22. a6
Qxa1 23. Rxa1 Rc1+ 24. Bd1 Rxa1) 22... Qxe3 23. fxe3 {Van der Wiel,J (2570)
-Piket,J (2670) Wijk aan Zee 1995 CBM 046 [Bangiev,A] 1/2-1/2}) ({RR} 8... Bg7
9. h3 Nge5 10. Nxe5 Bxe5 11. Bf4 Qxd6 12. Bxe5 Qxe5+ 13. Be2 O-O 14. Rd1 Qg5
15. Bf3 Qe5+ 16. Be2 Be6 17. O-O Rfd8 18. Rfe1 Rd4 19. Qb5 Qc7 20. Qc5 Rxd1 21.
Rxd1 Rd8 22. Rxd8+ Qxd8 23. Bf3 {Gong,D (2269)-Ker,A (2303) Christchurch NZL
2022 1/2-1/2 (31)}) 9. Bf4 $146 ({RR} 9. Bb5 Bd7 ({RR} 9... Qb6 10. O-O Bg7 11.
Re1+ Nge5 ({RR} 11... Be6 12. Qxg4) 12. Nd5 Qd8 13. Bxc6+ bxc6 14. Qxc6+ Bd7
15. Qxd6) 10. O-O Bg7 11. Ne4 Qc7 12. Bf4 Nge5 13. Nxd6+ Qxd6 14. Nxe5 Nxe5 15.
Bxe5 Bxe5 16. Rad1 Qf6 17. Rxd7 O-O 18. Rxb7 Bxb2 19. Rxa7 Rad8 20. Bc4 Rd2 21.
Ra6 Qe7 22. Bd3 Rd8 23. Qa5 R8xd3 {Kaufeld,J (2260)-Wiendieck,J (1966)
Augsburg 2011 1-0 (39)}) ({RR} 9. Bb5 Qe7+ 10. Kf1 Bd7 11. Nd5 Qd8 12. Bg5 f6
13. Re1+ Kf7) ({RR} 9. Bg5 Qb6) ({RR} 9. Bb5 Bd7 10. O-O Be7 11. Bxc6 bxc6 12.
h3 Ne5 13. Nxe5 dxe5 14. Bh6 Bf8 15. Qe4 f6 16. Bxf8 Kxf8 17. f4 exf4 18. Qxf4
Kg7 19. Rad1 Rf8 20. Ne4 f5 21. Nc5 Rf7 22. Qd4+ Kg8 23. Nxd7 Qg5 {Palacio,E  
(1745)-Avedisian,A (1898) Montevideo URU 2019 1-0}) 9... Bg7 10. O-O-O O-O 11.
Bxd6 Bxc3 12. bxc3 Nxf2 13. Bb5 Nxd1 14. Rxd1 Re8 15. Bxc6 bxc6 16. Qxc6 Bd7
17. Qb7 Be6 18. Qb4 Qb6 19. Qf4 Bxa2 20. Qh6 Qe3+ 21. Qxe3 Rxe3 22. Be5 Re2 23.
g3 Re8 24. Bf4 f6 25. h4 R8e7 26. Nd4 Re1 27. Nb3 Rxd1+ 28. Kxd1 Kg7 29. Kc1
Re2 30. Kb2 Bxb3 31. Kxb3 h6 32. c4 g5 33. hxg5 hxg5 34. Bd6 f5 35. c5 Kf7 36.
c6 Ke6 37. c7 Kd7 38. c4 Re4 39. c5 f4 40. gxf4 gxf4 41. Kc2 f3 42. c6+ Kc8 43.
Bg3 f2 44. Bxf2 Re2+ 45. Kd3 Rxf2 0-1

[Event "Floripa Chess Open 2024"]
[Site "Florianopolis"]
[Date "2024.01.25"]
[Round "7.135"]
[White "Carmo, Jose Arlindo"]
[Black "Cunha, Adriano De Jesus Si"]
[Result "0-1"]
[WhiteElo "1541"]
[BlackElo "2003"]
[PlyCount "39"]
[EventDate "2024.01.20"]
[EventRounds "10"]
[EventCountry "BRA"]

1. e4 e5 2. Nf3 Nc6 3. Bc4 Nf6 4. d3 Bc5 5. c3 d6 6. b4 Bb6 7. a4 a5 8. b5 Ne7
9. O-O O-O 10. Nbd2 Ng6 11. Bb3 Nf4 ({RR} 11... h6 12. Nc4 Bc5 13. d4 exd4 14.
cxd4 Bb4 15. e5 dxe5 16. Nfxe5 Nxe5 17. Nxe5 Be6 18. Bxe6 fxe6 19. Qd3 Nd7 20.
Ng6 Rf6 21. Be3 Rc8 22. Qe4 c6 23. Nf4 Qe8 24. bxc6 bxc6 25. Nd3 c5 26. Rab1 {
Gukesh,D (2746)-Tabatabaei,M (2694) London ENG 2023 1/2-1/2 (37)}) ({RR} 11...
d5 12. Ba3 Re8 13. c4 dxe4 14. Ng5 Bd4 15. c5 Be6 16. Nxe6 fxe6 17. Nxe4 Nxe4
18. dxe4 Bxa1 19. Qxa1 Qg5 20. g3 Rad8 21. Bc1 Qf6 22. Be3 Rd3 23. Bc4 Rdd8 24.
Qc3 Qf3 25. Qc2 c6 26. Be2 {Gorshtein,I (2493)-Poliakova,V (1946) chess.com
INT 2023 1-0 (72)}) 12. Nc4 Ba7 $146 ({RR} 12... c6 13. Be3 Bc7 14. bxc6 bxc6
15. Qd2 Bg4 16. Bxf4 exf4 17. e5 Nd5 18. exd6 Bxd6 19. Nfe5 Bxe5 20. Nxe5 Qg5
21. Nxg4 Qxg4 22. Bd1 Qf5 23. Bf3 Rfd8 24. Be4 Qf6 25. d4 Rab8 26. Rab1 Qd6 27.
Rxb8 {Magnusdottir,V (1577)-Kyrkjebo,H (1615) Budva 2013 1/2-1/2 (40)}) 13. Be3
Bg4 14. Bxa7 Rxa7 15. Ne3 Bxf3 16. gxf3 N6h5 17. Kh1 Qh4 18. Nf5 Qf6 19. Ng3
Qh6 20. Nf5 0-1

[Event "Floripa Chess Open 2024"]
[Site "Florianopolis"]
[Date "2024.01.25"]
[Round "7.136"]
[White "Monteiro, Samuel Ramazzotte"]
[Black "Cunha E Silva, Carlos Alberto V."]
[Result "1-0"]
[WhiteElo "1540"]
[BlackElo "1984"]
[PlyCount "107"]
[EventDate "2024.01.20"]
[EventRounds "10"]
[EventCountry "BRA"]

1. Nf3 d5 2. g3 g6 3. Bg2 Bg7 4. O-O Nf6 5. d3 O-O 6. Nbd2 Nbd7 7. e4 dxe4 8.
Nxe4 Nxe4 ({RR} 8... c6 9. c3 Nxe4 10. dxe4 e5 11. Be3 Qc7 12. Qc2 c5 13. Rad1
Nf6 14. Ng5 Ng4 15. Bc1 c4 16. h3 Nf6 17. f4 Nh5 18. Qf2 h6 19. g4 Nxf4 20.
Bxf4 exf4 21. Nf3 Re8 22. Rfe1 b6 23. Nd4 {Bueno,M (1661)-Fedrizzi,R (1962)
Cuiaba BRA 2021 1/2-1/2 (46)}) 9. dxe4 Nc5 10. Qe2 e5 $146 ({RR} 10... Bg4 11.
h3 Bd7 12. c3 a5 13. Bf4 a4 14. Ne5 Qc8 15. Nxd7 Qxd7 16. Rad1 Qe6 17. Rd5 b6
18. Bxc7 a3 19. b3 Bxc3 20. Qc4 Bb2 21. Bxb6 Qxb6 22. Rxc5 Rad8 23. e5 Rd4 24.
Qc2 Qb4 25. Rc8 {Niegsch,N (2191)-Biastoch,B (2105) Deutschland 2017 0-1 (35)})
({RR} 10... c6 11. Rd1 Qc7 12. c3 b6 13. Qc2 Bb7 14. Be3 Nd7 15. Rd2 Rad8 16.
Rad1 Ne5 17. Nxe5 Bxe5 18. f4 Bg7 19. Bh3 Bc8 20. Bxc8 Qxc8 21. Rd3 Rxd3 22.
Qxd3 Qg4 23. Kg2 Qe6 24. b3 Ra8 25. f5 {Tsekova,V (1860)-Venkova,P (1818)
Sofia 2010 1-0 (35)}) 11. Rd1 Qe7 12. b4 Ne6 13. a4 Rd8 14. Rxd8+ Qxd8 15. Bb2
f6 16. Rd1 Qe7 17. Qc4 Kh8 18. Bc3 Nf8 19. Qd5 Qd7 20. b5 Qxd5 21. exd5 Bf5 22.
Ne1 Rd8 23. h3 h5 24. Nd3 Nd7 25. a5 Bxd3 26. Rxd3 Nc5 27. Rd1 Na4 28. Bb4 Nb2
29. Rb1 Nc4 30. Bf1 Nd6 31. c4 Nf5 32. Rd1 Bf8 33. Bxf8 Rxf8 34. Bd3 Ne7 35.
Bc2 Rd8 36. Kg2 Kg7 37. Bb3 Nf5 38. c5 Nd4 39. Bc4 Kf8 40. f4 Nf5 41. Kf3 e4+
42. Kf2 Ng7 43. g4 hxg4 44. hxg4 Ke7 45. Rh1 f5 46. Rh7 Kf8 47. Rh6 fxg4 48.
Rxg6 e3+ 49. Kxe3 Re8+ 50. Kd3 g3 51. Rxg3 Nf5 52. Rh3 Kg7 53. Rh5 Re3+ 54. Kd2
1-0

[Event "Floripa Chess Open 2024"]
[Site "Florianopolis"]
[Date "2024.01.25"]
[Round "7.137"]
[White "Silva, Adriano Da"]
[Black "Monteiro, Helen Ramazzotte"]
[Result "1-0"]
[WhiteElo "1926"]
[BlackElo "1533"]
[PlyCount "47"]
[EventDate "2024.01.20"]
[EventRounds "10"]
[EventCountry "BRA"]

1. c4 Nf6 2. Nc3 g6 3. g3 Bg7 4. Bg2 O-O 5. e4 d6 6. Nge2 e5 7. O-O Nc6 8. d3
Nd7 9. f4 f5 10. exf5 Rxf5 ({RR} 10... gxf5 11. h3 Nc5 12. Kh2 Kh8 13. Be3 Ne6
14. Qd2 Ncd4 15. Rae1 c6 16. fxe5 dxe5 17. Bh6 Bxh6 18. Qxh6 Nc2 19. Rc1 Qxd3
20. Rxc2 Qxc2 21. Be4 Qxb2 22. Rxf5 Bd7 23. Rf6 {1-0 (23) Mamedyarov,S (2770)
-Ivic,V (2581) chess.com INT 2021}) ({RR} 10... gxf5 11. Be3 Nf6 12. h3 Be6 13.
Qd2 Qe8 14. Rae1 Kh8 15. b3 Qg6 16. d4 exd4 17. Nxd4 Bd7 18. Nxc6 bxc6 19. Bf2
Nh5 20. Re7 Rad8 21. Ne2 c5 22. Re1 Bf6 23. Re3 Rg8 24. Kh2 Rg7 25. Bf3 {
Neverov,V (2413)-Ilamparthi,A (2408) Budapest HUN 2023 0-1 (45)}) 11. d4 $146 (
{RR} 11. g4 Rf8 12. f5 gxf5 13. gxf5 Nc5 14. Ng3 Qh4 15. Nd5 Rf7 16. Be3 Nd4
17. b4 Na6 18. f6 Bf8 19. Qd2 c6 20. Bg5 Qg4 21. Ne7+ Kh8 22. Ne4 Be6 23. Nxd6
Nxb4 24. Qxb4 Qxg5 25. Qxb7 Ne2+ {Disconzi da Silva,R (2339)-Guerrero,A (2156)
Montevideo 2015 0-1 (36)}) ({RR} 11. Nd5 exf4 12. Nexf4 Nc5 13. Bh3 Rf8 14.
Bxc8 Qxc8 15. Be3 g5 16. Nh5 Bxb2 17. Rb1 Bh8 18. d4 Ne4 19. Qd3 Qg4 20. Rxb7
Rxf1+ 21. Kxf1 Rf8+ 22. Kg1 Qxh5 23. Rxc7 Qf3 24. Rxc6 Nxg3 25. Ne7+ Kg7 {
Smietanska,W (1802)-Priyanka,K (2218) chess.com INT 2021 1/2-1/2}) 11... exd4
12. Nb5 d3 13. Qxd3 Nc5 14. Qd1 Rf8 15. Nbd4 Nxd4 16. Nxd4 a5 17. Be3 Re8 18.
Re1 Rb8 19. Qd2 a4 20. b4 Ne6 21. Rad1 Nxd4 22. Bxd4 Bd7 23. Bd5+ Kh8 24. Qc3
1-0

[Event "Floripa Chess Open 2024"]
[Site "Florianopolis"]
[Date "2024.01.25"]
[Round "7.138"]
[White "Mariani, Kim Paul"]
[Black "Cerrato, Alex"]
[Result "0-1"]
[WhiteElo "1530"]
[BlackElo "1884"]
[PlyCount "38"]
[EventDate "2024.01.20"]
[EventRounds "10"]
[EventCountry "BRA"]

1. d4 d5 2. c4 e5 3. dxe5 d4 4. a3 Nc6 5. e3 f6 ({RR} 5... dxe3 6. Qxd8+ Kxd8
7. Bxe3 Nxe5 8. Nc3 Be6 9. O-O-O+ Kc8 10. c5 Nf6 11. h3 a5 12. g4 h5 13. f4 Nc6
14. g5 Nd7 15. Ne4 a4 16. Bd3 Ra5 17. Bd2 Rxc5+ 18. Nxc5 Nxc5 19. Bc3 Bd6 20.
Ne2 {Nikolic,P (2645)-Piket,J (2570) Monte Carlo 1996 0-1 (60)}) 6. exf6 Nxf6 (
{RR} 6... Qxf6 7. exd4 Nxd4 8. Be3 Nf5 9. Qe2 Be6 10. Bg5 Qxg5 11. Qxe6+ Be7
12. Nc3 Nd4 13. Qe4 O-O-O 14. h4 Qh6 15. Bd3 Nf6 16. Qe3 Qh5 17. Qg5 Qf7 18.
O-O-O Kb8 19. Qf4 Nb3+ 20. Kb1 Bd6 21. Qf3 {Bhakti,K (2231)-Paichadze,L (2544)
Mumbai 2014 1/2-1/2 (54)}) 7. exd4 Qxd4 8. Be2 $146 ({RR} 8. Qxd4 Nxd4 9. Kd1
Bf5 10. Nc3 Bc2+ 11. Kd2 Nb3+ 12. Kxc2 Nxa1+ 13. Kb1 Nb3 14. Be2 Nxc1 15. Kxc1
O-O-O 16. Nf3 Bc5 17. Ne5 Rhe8 18. Nd3 Bd4 19. Re1 Bxc3 20. bxc3 Rxd3 21. Bg4+
Kd8 22. Rxe8+ Kxe8 {Villa Brullet,D (1755)-Molina Carretero,D (1638) Llinars
del Valles 2013 0-1}) 8... Bc5 9. Bh5+ g6 10. Qe2+ Qe5 11. Qxe5+ Nxe5 12. Be2
Be6 13. b3 O-O-O 14. Bb2 Bd4 15. Nc3 Rhe8 16. O-O-O Nfg4 17. Nh3 Bf5 18. Nd5
Bxf2 19. Bxe5 Rxd5 0-1

[Event "Floripa Chess Open 2024"]
[Site "Florianopolis"]
[Date "2024.01.25"]
[Round "7.139"]
[White "Da Costa, Carlos Henrique Luz"]
[Black "Da Silva De Sena, Jefferson Ryan F"]
[Result "0-1"]
[WhiteElo "1520"]
[BlackElo "1867"]
[PlyCount "71"]
[EventDate "2024.01.20"]
[EventRounds "10"]
[EventCountry "BRA"]

1. d4 Nf6 2. Nf3 g6 3. g3 Bg7 4. Bg2 O-O 5. O-O d6 6. b3 c5 7. e3 Nc6 8. Bb2
Bg4 ({RR} 8... Ne4 9. Nfd2 Nxd2 10. Qxd2 cxd4 11. exd4 Bd7 12. c4 Rc8 13. Rd1
h5 14. Nc3 Nxd4 15. Nd5 Ne6 16. Bxg7 Nxg7 17. Qe3 e6 18. Nc3 b6 19. Ne4 Nf5 20.
Qc3 e5 21. Nxd6 Nxd6 22. Rxd6 Qe7 23. Rad1 {Nakamura,H (2768)-Mahdavi,R (2324)
chess.com INT 2023 1-0 (46)}) 9. h3 ({RR} 9. Nbd2 Qc8 10. c4 Bh3 11. Qe2 Bxg2
12. Kxg2 Re8 13. dxc5 dxc5 14. Rad1 Qc7 15. Ng5 Rad8 16. Nde4 Ne5 17. f4 Nxe4
18. Bxe5 Bxe5 19. Nxe4 Bg7 20. Rxd8 Rxd8 21. Rd1 Rxd1 22. Qxd1 Qa5 23. a4 h6 {
Begic,K (1787)-Rappazzo,J (2109) Eindhoven NED 2023 1-0 (57)}) 9... Bd7 $146 ({
RR} 9... Bxf3 10. Qxf3 cxd4 11. exd4 d5 12. Nd2 Qb6 13. c3 e6 14. Qe3 Nd7 15.
Rfe1 a5 16. Rab1 Rfc8 17. Nf3 a4 18. b4 Qd8 19. Qd3 Nb6 20. Bc1 Nc4 21. Bg5 Bf6
22. Bf4 Na7 23. Ne5 Nxe5 24. dxe5 {Dettmann,G-Roehl,R (2195) Nakensdorf 1995
1-0 (49)}) ({RR} 9... Bxf3 10. Qxf3 cxd4 11. exd4 Nd7 12. c3 a5 13. Na3 a4 14.
Nc4 Qc7 15. Ne3 e6 16. Ba3 Rfd8 17. Rfc1 axb3 18. axb3 d5 19. Bf1 Ra7 20. Qd1
Rda8 21. Bb2 Ra2 22. Rcb1 h5 23. Bb5 Rxa1 24. Rxa1 {Delega,T (2075)
-Obiedzinski,P Ustron 2008 1/2-1/2 (41)}) 10. Nbd2 cxd4 11. Nxd4 Rc8 12. Nxc6
Bxc6 13. Nf3 Qa5 14. c4 Rfd8 15. Qd2 Qh5 16. Qe2 Bxf3 17. Qxf3 Qxf3 18. Bxf3 d5
19. cxd5 Nxd5 20. Bxg7 Kxg7 21. Rfd1 e6 22. Rd2 Kf6 23. Rad1 Ke7 24. Kf1 Nc3
25. Rxd8 Rxd8 26. Rxd8 Kxd8 27. a3 Kc7 28. Ke1 b5 29. Ba8 Kb6 30. h4 a5 31. g4
Nb1 32. a4 bxa4 33. bxa4 Nc3 34. Kd2 Nxa4 35. f4 f6 36. e4 0-1